00606nam a22001935i 4500001000700000003000900007005001700016008004100033020001800074080001900092100004700111245007900158250001200237260003100249300002200280504004400302650004300346852002300389168510ES-MaACL20250523062602.0080416s2003 sp |||| | spa d a84-85708-64-4 a811.1/.2'01'361 aGarcía Calvo, Agustín,d1926-2012eaut10aEs b: estudio de gramática prehistórica / cAgustín García Calvo. a1ª ed. aZamora : bLucina, c2003. a346 p. ; c24 cm. aBibliografía: p. [335]-346. Índice.14aLengua protoindoeuropea-xGramática. aES-MaACLjL-29346